000
00296 a2200133 4500
005
20250629143932.0
020
_a
9781800244900
082
_a
823.92 HUR
100
_a
HURLEY, G
245
_a
Estocada
260
_a
United Kingdoms
_b
Head of Zeus
_c
2018.
300
_a
479p.
_c
19cm
942
_2
ddc
_c
BKS
999
_c
6408
_d
6408